Представление документа в формате MARC21

Поле Инд. ПП Название Значение
Тип записи a
Библиографический уровень a
001 Контрольный номер RU/IS/BASE/466164875
005 Дата корректировки 20141009101721.7
020 a ISBN 978-5-94067-389-7
040 a Служба первич. каталог. НБ ТвГУ
b Код языка каталог. rus
e Правила каталог. PSBO
041 0_ a Код языка текста rus
100 1_ a Автор Габдрахманов Павел Шавкатович
q Полное имя Габдрахманов П. Ш.
245 10 a Заглавие Время в родословных описаниях алтарных трибутариев XII–XIII вв. из аббатства св. Петра в Генте
260 a Место издания Москва
b Издательство Институт всеобщей истории РАН
c Дата издания 2013
504 a Библиография Библиогр. в подстроч. примеч.
520 a Аннотация Своеобразие средневекового восприятия времени давно замечено медиевистами. Автор рассматривает проблему времени на примере родословных алтарных трибутариев XII–XIII вв. из аббатства св. Петра в Генте.
653 a Ключевые слова 12-13 века
a Ключевые слова Аббатство св. Петра
a Ключевые слова Алтарные трибутарии
a Ключевые слова Время
a Ключевые слова Грамота
a Ключевые слова Документ
a Ключевые слова Медиевисты
a Ключевые слова Родословные трибутарии
773 08 w Контрольный № источника RU/IS/BASE/464346029
t Название источника Ретроспективная информация источников: образы и реальность
d Место и дата издания Москва : Институт всеобщей истории РАН, 2013
g Прочая информация С. 34-53
901 t Тип документа a
920 a Оператор Нови